Námořní přeprava
Salvato in:
| Autore principale: | |
|---|---|
| Natura: | Libro |
| Lingua: | ceco inglese |
| Pubblicazione: |
Praha
ASPI
2005
|
| Edizione: | 2. přeprac. vyd. |
| Soggetti: | |
| Tags: |
Nessun Tag, puoi essere il primo ad aggiungerne!!
|
MARC
| LEADER | 00000nam$a2200000$$$4500 | ||
|---|---|---|---|
| 001 | 0073954 | ||
| 005 | 20240311131019.2 | ||
| 020 | |a 80-7357-070-X | ||
| 041 | 0 | |a cze | |
| 041 | 0 | |a eng | |
| 044 | |a CZ | ||
| 245 | 1 | 0 | |a Námořní přeprava |c Radek Novák |
| 250 | |a 2. přeprac. vyd. | ||
| 264 | 1 | |a Praha |b ASPI |c 2005 | |
| 300 | |a 271 s. | ||
| 610 | 2 | 0 | |a doprava námorná |
| 610 | 2 | 0 | |a doprava vodná nákladná |
| 610 | 2 | 0 | |a doprava vodná osobná |
| 610 | 2 | 0 | |a lode |
| 610 | 2 | 0 | |a loďstvo |
| 610 | 2 | 0 | |a plavidlá |
| 610 | 2 | 0 | |a prístavy |
| 610 | 2 | 0 | |a poistenie |
| 610 | 2 | 0 | |a spoločnosti dopravné |
| 100 | 1 | |a Novák, Radek | |